000 00703nam a2200277Ia 4500
005 20260324124947.0
008 008 260324s9999 xx 000 0 eng d
020 _a9781315248646
037 _aEBOOK
040 _aCRL
040 _beng
040 _cCRL
041 _2eng
041 _aeng
084 _qCRL
100 _aKatie Glaskin; Myrna Tonkinson; Victoria Burbank
_91176165
245 0 _aMortality, Mourning and Mortuary Practices in Indigenous Australia
260 _bTaylor and Francis
260 _c2009
365 _a
365 _b240
856 _uhttp://www.taylorfrancis.com/books/9781315248646
942 _cEBOOK
999 _c1770997
_d1770997